COMMUNITY - LED DEVELOPMENT IN PRACTICE WE POWER OUR OWN CHANGE /EDITED BY ELENE, CLOETE AND GUNJAN VEDA (Record no. 216967)
[ view plain ]
| 000 -LEADER | |
|---|---|
| fixed length control field | 00661nam a22001937a 4500 |
| 008 - FIXED-LENGTH DATA ELEMENTS--GENERAL INFORMATION | |
| fixed length control field | 260415b |||||||| |||| 00| 0 eng d |
| 020 ## - INTERNATIONAL STANDARD BOOK NUMBER | |
| International Standard Book Number | 9781032456232 |
| 050 ## - LIBRARY OF CONGRESS CALL NUMBER | |
| Classification number | HN 49 .C6 C66 2025 |
| 100 ## - MAIN ENTRY--PERSONAL NAME | |
| Personal name | EDITED BY ELENE, CLOETE |
| 245 ## - TITLE STATEMENT | |
| Title | COMMUNITY - LED DEVELOPMENT IN PRACTICE WE POWER OUR OWN CHANGE /EDITED BY ELENE, CLOETE AND GUNJAN VEDA |
| 250 ## - EDITION STATEMENT | |
| Edition statement | 1ST |
| 260 ## - PUBLICATION, DISTRIBUTION, ETC. | |
| Place of publication, distribution, etc. | ABINGDON, OXON; NEW YORK, NY : |
| Name of publisher, distributor, etc. | ROUTLEDGE |
| Date of publication, distribution, etc. | 2025 |
| 300 ## - PHYSICAL DESCRIPTION | |
| Extent | XVIII,322P. ILL |
| 500 ## - GENERAL NOTE | |
| General note | INCLUDES INDEX AND BIBLIOGRAPHICAL REFERENCES |
| 650 ## - SUBJECT ADDED ENTRY | |
| Topical term or geographic name entry element | COMMUNITY DEVELOPMENT - CASE STUDIES |
| 700 ## - ADDED ENTRY--PERSONAL NAME | |
| Personal name | EDITED BY GUNJA , VEDA |
| 942 ## - ADDED ENTRY ELEMENTS (KOHA) | |
| Source of classification or shelving scheme | Library of Congress Classification |
| Koha item type | Long Loan Book |
| Withdrawn status | Lost status | Source of classification or shelving scheme | Damaged status | Not for loan | Collection | Home library | Current library | Shelving location | Date acquired | Inventory number | Total checkouts | Full call number | Barcode | Date last seen | Copy number | Price effective from | Koha item type |
|---|---|---|---|---|---|---|---|---|---|---|---|---|---|---|---|---|---|
| Library of Congress Classification | Arts & Social Sciences | Kisii University Library | Kisii University Library | On Display | 04/15/2026 | 112990 | HN 49 .C6 C66 2025 | A000561 | 04/15/2026 | 1 | 04/15/2026 | Long Loan Book | |||||
| Library of Congress Classification | Arts & Social Sciences | Kisii University Library | Kisii University Library | On Display | 04/15/2026 | 112991 | HN 49 .C6 C66 2025 | A000559 | 04/15/2026 | 2 | 04/15/2026 | Long Loan Book | |||||
| Library of Congress Classification | Arts & Social Sciences | Kisii University Library | Kisii University Library | On Display | 04/15/2026 | 112992 | HN 49 .C6 C66 2025 | A000543 | 04/15/2026 | 3 | 04/15/2026 | Long Loan Book | |||||
| Library of Congress Classification | Arts & Social Sciences | Kisii University Library | Kisii University Library | On Display | 04/15/2026 | 112993 | HN 49 .C6 C66 2025 | A000545 | 04/15/2026 | 4 | 04/15/2026 | Long Loan Book | |||||
| Library of Congress Classification | Arts & Social Sciences | Kisii University Library | Kisii University Library | On Display | 04/15/2026 | 112994 | HN 49 .C6 C66 2025 | A000548 | 04/15/2026 | 5 | 04/15/2026 | Long Loan Book |